Eastern Utah Libraries Catalog: Duchesne, Heber, Roosevelt, & Vernal

That's not what happened / (Record no. 351027)

MARC details
000 -LEADER
fixed length control field 01950cam a22004818i 4500
001 - CONTROL NUMBER
control field on1018052168
003 - CONTROL NUMBER IDENTIFIER
control field OCoLC
005 - DATE AND TIME OF LATEST TRANSACTION
control field 20200618142712.0
008 - FIXED-LENGTH DATA ELEMENTS--GENERAL INFORMATION
fixed length control field 171227t20182018nyu d 000 1 eng
010 ## - LIBRARY OF CONGRESS CONTROL NUMBER
LC control number 2017060501
020 ## - INTERNATIONAL STANDARD BOOK NUMBER
International Standard Book Number 9781338186529
Qualifying information (hardcover)
020 ## - INTERNATIONAL STANDARD BOOK NUMBER
International Standard Book Number 1338186523
Qualifying information (hardcover)
035 ## - SYSTEM CONTROL NUMBER
System control number (OCoLC)1018052168
040 ## - CATALOGING SOURCE
Original cataloging agency NJQ/DLC
Language of cataloging eng
Description conventions rda
Transcribing agency DLC
Modifying agency OCLCO
-- BDX
-- OCLCF
-- LEHIC
-- BSBPL
-- IUK
-- JTH
-- EHH
-- ZVR
-- JQM
-- OCLCQ
-- CCLML
-- LIQ
042 ## - AUTHENTICATION CODE
Authentication code lcac
-- pcc
049 ## - LOCAL HOLDINGS (OCLC)
Holding library UOKA
050 00 - LIBRARY OF CONGRESS CALL NUMBER
Classification number PZ7.K439
Item number Th 2018
082 04 - DEWEY DECIMAL CLASSIFICATION NUMBER
Classification number 813.6
-- Fic
Edition number 23
092 ## - LOCALLY ASSIGNED DEWEY CALL NUMBER (OCLC)
Classification number YA KEPLING 2018
999 ## - SYSTEM CONTROL NUMBERS (KOHA)
Koha Dewey Subclass [OBSOLETE] 03419685
100 1# - MAIN ENTRY--PERSONAL NAME
Personal name Keplinger, Kody
Relator term author.
9 (RLIN) 6209496
245 10 - TITLE STATEMENT
Title That's not what happened /
Statement of responsibility, etc Kody Keplinger.
246 3# - VARYING FORM OF TITLE
Title proper/short title That is not what happened
263 ## - PROJECTED PUBLICATION DATE
Projected publication date 1809
264 #1 - Production, Publication, Distribution, Manufacture, and Copyright Notice.
Place of production, publication, distribution, manufacture New York :
Name of producer, publisher, distributor, manufacturer Scholastic Press, an imprint of Scholastic Inc.,
Date of production, publication, distribution, manufacture, or copyr 2018.
264 #4 - Production, Publication, Distribution, Manufacture, and Copyright Notice.
Date of production, publication, distribution, manufacture, or copyr �2018
300 ## - PHYSICAL DESCRIPTION
Extent 325 pages ;
Dimensions 22 cm
336 ## - Content Type
Content type term text
337 ## - Media type
Media type term unmediated
338 ## - Carrier type
Carrier type term volume
520 ## - SUMMARY, ETC.
Summary, etc In the three years since the Virgil County High School Massacre, a story has grown up around one of the victims, Sarah McHale, that says she died proclaiming her Christian faith--but Leanne Bauer was there, and knows what happened, and she has a choice: stay silent and let people believe in Sarah's martyrdom, or tell the truth.
521 8# - TARGET AUDIENCE NOTE
Target audience note HL720L
Source Lexile
526 0# - STUDY PROGRAM INFORMATION NOTE
Program name Accelerated Reader AR
Interest level UG
Reading level 4.9
Title point value 12
Public note 198039.
650 #0 - SUBJECT ADDED ENTRY--TOPICAL TERM
Topical term or geographic name as entry element Massacre survivors
Form subdivision Juvenile fiction.
9 (RLIN) 6362868
650 #0 - SUBJECT ADDED ENTRY--TOPICAL TERM
Topical term or geographic name as entry element School shootings
Form subdivision Juvenile fiction.
9 (RLIN) 6362869
650 #0 - SUBJECT ADDED ENTRY--TOPICAL TERM
Topical term or geographic name as entry element Secrecy
Form subdivision Juvenile fiction.
9 (RLIN) 5673924
650 #0 - SUBJECT ADDED ENTRY--TOPICAL TERM
Topical term or geographic name as entry element Bullying
Form subdivision Juvenile fiction
9 (RLIN) 5689317
650 #0 - SUBJECT ADDED ENTRY--TOPICAL TERM
Topical term or geographic name as entry element Truthfulness and falsehood
Form subdivision Juvenile fiction.
9 (RLIN) 5732363
650 #0 - SUBJECT ADDED ENTRY--TOPICAL TERM
Topical term or geographic name as entry element Rural schools
Form subdivision Juvenile fiction.
9 (RLIN) 6362870
650 #1 - SUBJECT ADDED ENTRY--TOPICAL TERM
Topical term or geographic name as entry element Secrets
Form subdivision Fiction.
9 (RLIN) 5673929
650 #1 - SUBJECT ADDED ENTRY--TOPICAL TERM
Topical term or geographic name as entry element Truth
Form subdivision Fiction.
9 (RLIN) 5686114
942 ## - ADDED ENTRY ELEMENTS (KOHA)
Source of classification or shelving scheme Dewey Decimal Classification
Koha item type BOOK
Holdings
Withdrawn status Lost status Source of classification or shelving scheme Damaged status Not for loan Collection code Home library Current library Shelving location Date acquired Source of acquisition Total Checkouts Full call number Barcode Date last seen Cost, replacement price Price effective from Koha item type
    Dewey Decimal Classification     Young Adult Fiction Wasatch County Library Wasatch County Library Main Floor Teen Area 01/13/2026 Ingram   YA Keplinger 34301002177014 01/23/2026 18.99 01/13/2026 BOOK
This project was made possible through a grant from the Institute of Museum and Library Service administered by the Utah State Library Division.

Wasatch County Library

  • 465 East 1200 South, Heber City, Utah 84032
  • Phone 435-654-1511 | Fax 435-654-6456

Hours

  • Monday - Friday 9:30 AM - 8:00 PM
  • Saturday 9:30 AM - 1:30 PM
  • Closed Sundays and Holidays